|
|
|
|
| LEADER |
00000nam a2200000 a 4500 |
| 001 |
vtls001322798 |
| 003 |
SK-MaSNL |
| 005 |
20260301005453.0 |
| 008 |
240226s1996 gw aa r y ger |
| 015 |
|
|
|a SNBZSA1998-00167
|
| 020 |
|
|
|a 3931922235
|
| 035 |
|
|
|a SNK000275480
|
| 035 |
|
|
|a urn:nbn:sk:snk-amkhc9
|
| 035 |
|
|
|a urn:nbn:sk:snk-am008fe2
|
| 035 |
|
|
|a 3A5680F5-F088-4975-B60E-774F6AEA04B1
|
| 040 |
|
|
|a SNK
|b slo
|c SNK
|e AACR2
|
| 041 |
0 |
|
|a ger
|
| 044 |
|
|
|a DE
|
| 080 |
|
|
|a 940.2"15/17"(082)=30
|2 1981
|
| 080 |
|
|
|a 943.92"15/17"(082)=30
|2 1981
|
| 245 |
0 |
0 |
|a Ständefreiheit und Staatsgestaltung in Ostmitteleuropa
|b übernationale Gemeinsamkeiten in der politischen Kultur vom 16.-18. Jahrhundert
|c Joachim Bahlcke, Hans-Jürgen Bömelburg, Norbert Kersken (Hrsg.)
|
| 260 |
|
|
|a Leipzig
|b Universitätsverlag Leipzig
|c 1996
|
| 300 |
|
|
|a 353 s.
|b ilustr.
|c 25 cm
|
| 490 |
1 |
|
|a Forschungen zur Geschichte und Kultur des östlichen Mitteleuropa
|
| 504 |
|
|
|a Bibliogr. odkazy. Reg.
|
| 655 |
|
7 |
|a zbierky
|2 SNK
|9 70533
|
| 700 |
1 |
|
|a Bahlcke, Joachim
|4 com
|9 289820
|
| 700 |
1 |
|
|a Bömelburg, Hans-Jürgen
|4 com
|9 289821
|
| 700 |
1 |
|
|a Kersken, Norbert
|4 com
|9 289822
|
| 830 |
|
0 |
|a Forschungen zur Geschichte und Kultur des östlichen Mitteleuropa
|9 283101
|
| 919 |
|
|
|a 3-931922-23-5
|
| 958 |
|
|
|a ZS
|
| 958 |
|
|
|a TL
|
| 958 |
|
|
|a NB
|
| 958 |
|
|
|a ZB
|
| 999 |
|
|
|c 545264
|d 547194
|
| 952 |
|
|
|t P60, <03>, [BOOK], {603}
|a SNK
|b SNK
|y PREZ
|7 0
|p 17A0125766
|o snkSC 95204
|i snkV 142/98
|0 0
|1 0
|4 0
|d 1998-03-09
|f 1
|l 0
|r 2025-09-12 00:00:00
|w 2026-02-23
|